00627pab a2200181 454500008004000000100001900040245008500059260000900144300001400153362000800167650003700175650003800212650002200250773004200272909001000314999001700324952010400341180718b2003 xxu||||| |||| 00| 0 eng d aLarson, Ann E. aDecentralisation and forest management in Latin America: towards a working model c2003 ap.211-26. aAug aDecentralization - Latin America aForest management - Latin America aForest management aPublic Administration and Development a57725 c57725d57725 00104070aIIPAbIIPAd2018-07-19hVolume no: 23, Issue no: 3pAR58170r2018-07-19w2018-07-19yAR